| 000 | 00454nab a2200145Ia 4500 | ||
|---|---|---|---|
| 003 | ES-SlBCS | ||
| 005 | 20210601142615.0 | ||
| 008 | 140529s2004 xxu||||| |||| 00| 0 spa d | ||
| 041 | _aspa | ||
| 100 | 1 |
_aHansen, James _9155727 |
|
| 245 | 0 | 0 |
_aEl calentamiento global _c James Hansen |
| 650 | 0 | 4 |
_aCalentamiento Global _9128215 |
| 773 | 0 |
_tInvestigacion y Ciencia (Traducción de: Scientific American) _gnº. 332, 2004, págs. 22-31 _wRev1650 |
|
| 942 | _cAR | ||
| 999 |
_c679396 _d679396 |
||